| 000 | 00961nam a22002417a 4500 | ||
|---|---|---|---|
| 999 |
_c2062 _d2062 |
||
| 003 | AR-CdUCM | ||
| 008 | 190301b ||||| |||| 00| 0 spa d | ||
| 020 | _a9681616480 | ||
| 040 |
_aMUNICIPALIDAD PROVINCIAL DEL CUSCO _cBIBLIOTECA MUNICIPAL DEL CUSCO |
||
| 082 |
_a394.4 / _bM33 |
||
| 100 |
_aMaza,Francisco de la _97455 |
||
| 245 | _aEl Guadalupanismo Mexicano / | ||
| 260 |
_aMéxico : _bFondo de Cultura Económica, _c1981. |
||
| 300 |
_a193 páginas ; _b14 láminas, _c21 cm. |
||
| 440 |
_aLecturas Mexicanas. _n37 _97456 |
||
| 500 | _aSecretaria de Educación Pública Cultura SEP. | ||
| 505 | _aContenido: Orígenes del Culto Guadalupano -- Documentos indios del siglo XVI -- La Virgen de Guadalupe en la poesía -- Los evangelistas Guadalupanos -- Patrona de México -- El nacimiento Mexicano de la Virgen ... | ||
| 650 |
_aMéxico _918 |
||
| 650 |
_aSiglo XVI _9326 |
||
| 650 |
_aVirgen de Guadalupe _94805 |
||
| 942 |
_2ddc _cLIBROS |
||
| 945 | _aachl | ||